| 000 | 01028nam a2200337 a 4500 | ||
|---|---|---|---|
| 001 | 5609 | ||
| 003 | BD-RjUL | ||
| 005 | 20211208234108.0 | ||
| 008 | 14 s2006 enk b 001 0 eng | ||
| 020 | _a0230006337 (pbk.) | ||
| 035 | _a(Uk)013431181 | ||
| 035 | _a(UkLCURL)014364574 | ||
| 035 |
_a(UkCU)4364574 _a(BD-RjUL)5648 |
||
| 038 | _aUk | ||
| 040 |
_aStDuBDS _beng _cBD-RjUL |
||
| 041 | _aeng | ||
| 082 | 0 | 4 |
_a346.41048 _222 _bHAI 2006 |
| 100 | 1 |
_aHart, Tina. _917598 |
|
| 245 | 1 | 0 |
_aIntellectual property law / _cTina Hart |
| 250 | _a4th ed. / | ||
| 260 |
_aBasingstoke : _bPalgrave Macmillan, _cc2006. |
||
| 263 | _a200606 | ||
| 300 |
_axxxiv, 301 p. ; _c22 cm. |
||
| 500 | _aPrevious ed.: published as by Tina Hart and Linda Fazzani. 2004. | ||
| 504 | _aIncludes bibliographical references and index. | ||
| 650 | 0 |
_aIntellectual property _zGreat Britain _917599 |
|
| 700 | 1 |
_aFazzani, Linda. _917600 |
|
| 700 | 1 |
_aClark, Simon. _917601 |
|
| 830 | 0 |
_aPalgrave Macmillan law masters. _917602 |
|
| 942 |
_2ddc _cBK |
||
| 999 |
_c5609 _d5609 |
||